Biblioteca y Centro de Documentación

Informe Comunidades Autónomas 2022 (Registro nro. 53047)

Detalles MARC
000 -CABECERA
Longitud fija campo de control 01336nam a2200361 c 4500
001 - NÚMERO DE CONTROL
Número de control 53047
003 - IDENTIFICADOR DE NÚMERO DE CONTROL
Identificador del número de control ES-MaCES
005 - FECHA Y HORA DE LA ÚLTIMA TRANSACCIÓN
Fecha y hora de la última transacción 20250814115119.0
007 - PHYSICAL DESCRIPTION FIXED FIELD--GENERAL INFORMAT
Campo fijo de descripción física cr |||||||||||
008 - CAMPO FIJO DE DESCRIPCIÓN FIJA--INFORMACIÓN GENERAL
Códigos de información de longitud fija   240207s2023 sp t 000 | spa d
040 ## - FUENTE DE CATALOGACIÓN
Centro catalogador de origen ES-MaCES
Lengua de catalogación spa
Centro transcriptor ES-MaCES
245 00 - MENCIÓN DE TÍTULO
Título Informe Comunidades Autónomas 2022
260 ## - PUBLICACIÓN, DISTRIBUCIÓN, ETC (PIE DE IMPRENTA)
Lugar de publicación, distribución, etc. Barcelona
Nombre del editor, distribuidor, etc. Observatorio de Derecho Público, IDP
Fecha de publicación, distribución, etc. 2023
300 ## - DESCRIPCIÓN FÍSICA
Extensión 584 p.
Dimensiones 24 cm
Material anejo 1 documento pdf (5,46 mb)
541 ## - NOTA DE LA FUENTE INMEDIANTE DE ADQUISICIÓN
Forma de adquisición Compra
650 #4 - ASIENTO SECUNDARIO DE MATERIA--TÉRMINO DE MATERIA
Término de materia o nombre geográfico como elemento inicial administración pública
9 (RLIN) 27214
650 #4 - ASIENTO SECUNDARIO DE MATERIA--TÉRMINO DE MATERIA
Término de materia o nombre geográfico como elemento inicial política presupuestaria
9 (RLIN) 30829
650 #4 - ASIENTO SECUNDARIO DE MATERIA--TÉRMINO DE MATERIA
Término de materia o nombre geográfico como elemento inicial transferencia de competencias
9 (RLIN) 30889
650 #4 - ASIENTO SECUNDARIO DE MATERIA--TÉRMINO DE MATERIA
Término de materia o nombre geográfico como elemento inicial Comunidades Autónomas
9 (RLIN) 30768
650 #4 - ASIENTO SECUNDARIO DE MATERIA--TÉRMINO DE MATERIA
Término de materia o nombre geográfico como elemento inicial gobierno regional
9 (RLIN) 29907
650 #4 - ASIENTO SECUNDARIO DE MATERIA--TÉRMINO DE MATERIA
Término de materia o nombre geográfico como elemento inicial España
9 (RLIN) 26964
650 #4 - ASIENTO SECUNDARIO DE MATERIA--TÉRMINO DE MATERIA
Término de materia o nombre geográfico como elemento inicial jurisprudencia
9 (RLIN) 28624
650 #4 - ASIENTO SECUNDARIO DE MATERIA--TÉRMINO DE MATERIA
Término de materia o nombre geográfico como elemento inicial legislación
9 (RLIN) 27153
650 #4 - ASIENTO SECUNDARIO DE MATERIA--TÉRMINO DE MATERIA
Término de materia o nombre geográfico como elemento inicial 2022
9 (RLIN) 40274
650 #4 - ASIENTO SECUNDARIO DE MATERIA--TÉRMINO DE MATERIA
Término de materia o nombre geográfico como elemento inicial informe
9 (RLIN) 28986
653 10 - TÉRMINO DE INDEXACIÓN--NO CONTROLADO
Término no controlado Administración-Instituciones públicas
710 2# - ENCABEZAMIENTO SECUNDARIO--NOMBRE CORPORATIVO
Nombre de entidad o nombre de jurisdicción como elemento inicial Observatorio de Derecho Público
Término indicativo de función ed.
9 (RLIN) 39993
787 0# - ENTRADA DE OTRAS ESPECIFICACIONES
Título Informe Comunidades Autónomas 2021
Número de control del registro relacionado (ES-MaCES)52563
856 4# - ACCESO ELECTRÓNICO
Identificador Uniforme del Recurso (URI) http://biblioteca.ces.es/repintra/B53047.pdf
Texto del enlace texto completo
Nota pública [intranet]
856 4# - ACCESO ELECTRÓNICO
Identificador Uniforme del Recurso (URI) https://idpbarcelona.net/coleccion-informe-comunidades-autonomas/informe-comunidades-autonomas/
Nota pública [Informes a texto completo desde 1989]
902 ## - CES. TIPO DE DOCUMENTO
Tipodoc (006$c Sirtex) LIB Libro
942 ## - ELEMENTOS KOHA
Fuente de clasificaión o esquema Clasificación propia del CES
Koha [por defecto] tipo de item Monografías
Parte de clasificación Administración e Instituciones Públicas
Existencias
Número de registro Signatura completa Tipo de item de Koha
093301 DPT-14120 Monografías
© CES, Consejo Económico y Social de España 2021